[Event "IECC CL1-2015.01 email"]
[Site "IECC email"]
[Date "2015.04.04"]
[Round "?"]
[White "Futida, Souitiro"]
[Black "Cravens, Dennis"]
[Result "1/2-1/2"]
[WhiteElo "2124"]
[BlackElo "2238"]
[PlyCount "94"]
[EventDate "2015.??.??"]
[EventType "tourn (corr)"]
[EventRounds "4"]
[SourceTitle "Corr 2020"]
[Source "ChessBase"]
[SourceDate "2019.09.30"]
[SourceVersion "1"]
[SourceVersionDate "2019.09.30"]
[SourceQuality "1"]
[WhiteTeam "Brazil"]
[BlackTeam "United States"]
[WhiteTeamCountry "BRA"]
[BlackTeamCountry "USA"]

1. d4 Nf6 2. c4 e6 3. Nf3 b6 4. a3 Bb7 5. Nc3 d5 6. cxd5 Nxd5 7. e3 Nxc3 8. bxc3 Be7 9. Bd3 0-0 10. Qc2 h6 11. Qe2 c5 12. 0-0 Nc6 13. Bb2 Rc8 14. e4 Na5 15. Rad1 Bf6 16. e5 Be7 17. dxc5 Qc7 18. cxb6 axb6 19. Rfe1 Nc4 20. Bxc4 Qxc4 21. Rd7 Qxe2 22. Rxe2 Ba6 23. Re1 Bc5 24. h3 Rfd8 25. Ra7 Bc4 26. Nd4 g5 27. h4 b5 28. Rb7 Bd5 29. Rxb5 gxh4 30. Rc1 Be7 31. Kh2 Bg5 32. Rh1 Kh7 33. Kh3 Bf4 34. Re1 Bd2 35. Rg1 Rg8 36. a4 Bxc3 37. a5 Rc4 38. Bxc3 Rxc3+ 39. f3 Rd3 40. Rb4 Ra3 41. Nc2 Rxa5 42. Rf4 Ra7 43. Nb4 Rg5 44. Re1 Ba8 45. Rxh4 Ra4 46. Re2 Ra5 47. Nd3 Bc6 1/2-1/2

[Event "IECC CL1-2015.01 email"]
[Site "IECC email"]
[Date "2015.04.04"]
[Round "?"]
[White "Llorente Alvarez, Jose Luis"]
[Black "Futida, Souitiro"]
[Result "1/2-1/2"]
[WhiteElo "2157"]
[BlackElo "2127"]
[PlyCount "117"]
[EventDate "2015.??.??"]
[EventType "tourn (corr)"]
[EventRounds "4"]
[SourceTitle "Corr 2020"]
[Source "ChessBase"]
[SourceDate "2019.09.30"]
[SourceVersion "1"]
[SourceVersionDate "2019.09.30"]
[SourceQuality "1"]
[WhiteTeam "Spain"]
[BlackTeam "Brazil"]
[WhiteTeamCountry "ESP"]
[BlackTeamCountry "BRA"]

1. e4 c5 2. Nf3 e6 3. d4 cxd4 4. Nxd4 Nc6 5. Nc3 Qc7 6. Be3 a6 7. Be2 Nf6 8. 0-0 Bb4 9. Na4 Be7 10. Nxc6 bxc6 11. Nb6 Rb8 12. Nxc8 Qxc8 13. Bd4 c5 14. Be5 Rb6 15. Bf3 0-0 16. Bc3 d5 17. exd5 exd5 18. Re1 Re6 19. Qd3 c4 20. Qd2 Bc5 21. Bxf6 Rxf6 22. Rad1 d4 23. b3 c3 24. Qd3 Re8 25. g3 h6 26. Kg2 Ba7 27. h4 Rfe6 28. Rxe6 Rxe6 29. Rb1 Qe8 30. a4 a5 31. h5 Rf6 32. Rh1 Qe6 33. Qb5 Bb6 34. Rh4 Kf8 35. Re4 Qc6 36. Qd3 Qc5 37. Qa6 Rd6 38. Qe2 Rd8 39. Qd3 Rd5 40. Rf4 Rg5 41. Be4 Bc7 42. Rf3 Ke7 43. Qe2 Re5 44. Rf5 Rxf5 45. Bxf5+ Qe5 46. Qf3 Qd6 47. Qb7 Qc5 48. Bd3 Qe5 49. Bb5 f5 50. Qc8 f4 51. Qe8+ Kf6 52. Qg6+ Ke7 53. gxf4 Qxf4 54. Qxg7+ Ke6 55. Bc4+ Kd6 56. Qg3 Qxg3+ 57. Kxg3 Ke5 58. Kg4 Bd6 59. Bd3 1/2-1/2

[Event "IECC CL2-2015.01 email"]
[Site "IECC email"]
[Date "2015.01.29"]
[Round "?"]
[White "Agulnick, Michael"]
[Black "Futida, Souitiro"]
[Result "1/2-1/2"]
[WhiteElo "2029"]
[BlackElo "2109"]
[PlyCount "75"]
[EventDate "2015.??.??"]
[EventType "tourn (corr)"]
[EventRounds "4"]
[SourceTitle "Corr 2020"]
[Source "ChessBase"]
[SourceDate "2019.09.30"]
[SourceVersion "1"]
[SourceVersionDate "2019.09.30"]
[SourceQuality "1"]
[WhiteTeam "United States"]
[BlackTeam "Brazil"]
[WhiteTeamCountry "USA"]
[BlackTeamCountry "BRA"]

1. e4 c5 2. Nf3 e6 3. d4 cxd4 4. Nxd4 Nc6 5. Nxc6 bxc6 6. Bd3 Nf6 7. 0-0 e5 8. Nd2 Bc5 9. c4 0-0 10. Nb3 Be7 11. c5 a5 12. Be3 d5 13. cxd6 Qxd6 14. f3 Nh5 15. Qc2 Nf4 16. Rfd1 Qh6 17. Kh1 Bh4 18. Bf1 Bg3 19. h3 Re8 20. Rd2 Qh5 21. Qd1 h6 22. Nc5 Qh4 23. Rc1 Bxh3 24. gxh3 Rad8 25. Bxf4 Bxf4 26. Nd3 Bxd2 27. Qxd2 Re6 28. Qe1 Qh5 29. Qe3 Rg6 30. Rc2 Rg3 31. Bg2 Rd6 32. Kh2 Rdg6 33. b3 Qh4 34. Qe1 Kh7 35. Re2 Kg8 36. Qf1 Rd6 37. Qe1 Rdg6 38. Qf1 1/2-1/2

[Event "IECC CL2-2015.01 email"]
[Site "IECC email"]
[Date "2015.01.29"]
[Round "?"]
[White "Futida, Souitiro"]
[Black "Ekengren, Olle"]
[Result "1-0"]
[WhiteElo "2106"]
[BlackElo "2166"]
[PlyCount "67"]
[EventDate "2015.??.??"]
[EventType "tourn (corr)"]
[EventRounds "4"]
[SourceTitle "Corr 2020"]
[Source "ChessBase"]
[SourceDate "2019.09.30"]
[SourceVersion "1"]
[SourceVersionDate "2019.09.30"]
[SourceQuality "1"]
[WhiteTeam "Brazil"]
[BlackTeam "Sweden"]
[WhiteTeamCountry "BRA"]
[BlackTeamCountry "SWE"]

1. d4 Nf6 2. c4 e6 3. Nf3 b6 4. a3 Bb7 5. Nc3 d5 6. Qc2 dxc4 7. e4 c5 8. d5 exd5 9. exd5 a6 10. Bxc4 b5 11. Bd3 Be7 12. 0-0 0-0 13. Re1 h6 14. Bf4 Bd6 15. Bxd6 Qxd6 16. Nh4 c4 17. Bf1 Ng4 18. g3 Nd7 19. h3 Nge5 20. f4 Ng6 21. Nf5 Qf6 22. d6 Rfe8 23. Bg2 Bxg2 24. Kxg2 Nb6 25. Rad1 Rxe1 26. Rxe1 Rd8 27. Re2 Kh8 28. Qe4 Kh7 29. Kh2 Kg8 30. g4 Nh4 31. Nxh4 Qxh4 32. Qd4 Nd7 33. Nd5 Nf6 34. Kg2 1-0

[Event "IECC CL3-2014.03 email"]
[Site "IECC email"]
[Date "2014.09.29"]
[Round "?"]
[White "Futida, Souitiro"]
[Black "Oancea, Gheorghe"]
[Result "1-0"]
[WhiteElo "2028"]
[BlackElo "1879"]
[PlyCount "81"]
[EventDate "2014.??.??"]
[EventType "tourn (corr)"]
[EventRounds "4"]
[SourceTitle "Corr 2020"]
[Source "ChessBase"]
[SourceDate "2019.09.30"]
[SourceVersion "1"]
[SourceVersionDate "2019.09.30"]
[SourceQuality "1"]
[WhiteTeam "Brazil"]
[BlackTeam "Romania"]
[WhiteTeamCountry "BRA"]
[BlackTeamCountry "ROU"]

1. d4 d5 2. c4 Nf6 3. Nf3 e6 4. Nc3 Be7 5. Bg5 h6 6. Bh4 0-0 7. e3 b6 8. Bd3 Nbd7 9. cxd5 Nxd5 10. Nxd5 exd5 11. Bxe7 Qxe7 12. 0-0 c5 13. Rc1 c4 14. Bb1 b5 15. Re1 f5 16. b3 Bb7 17. Nd2 Rac8 18. Qf3 c3 19. Nf1 g6 20. Ng3 b4 21. Ne2 Rf7 22. Rc2 Kh7 23. a3 a5 24. axb4 axb4 25. Ra2 Nf8 26. Nf4 Ne6 27. Nd3 Rff8 28. Bc2 Ra8 29. Rea1 Nc7 30. Rxa8 Rxa8 31. Rxa8 Bxa8 32. Ne5 Kg7 33. h4 Qf6 34. h5 g5 35. Bxf5 Bc6 36. Qg4 Be8 37. Bg6 Bxg6 38. Qd7+ Bf7 39. Qxc7 g4 40. Nd3 Qg5 41. Nxb4 1-0

[Event "IECC CL3-2014.03 email"]
[Site "IECC email"]
[Date "2014.09.29"]
[Round "?"]
[White "Hassan, Bill"]
[Black "Futida, Souitiro"]
[Result "0-1"]
[WhiteElo "1779"]
[BlackElo "2018"]
[PlyCount "88"]
[EventDate "2014.??.??"]
[EventType "tourn (corr)"]
[EventRounds "4"]
[SourceTitle "Corr 2020"]
[Source "ChessBase"]
[SourceDate "2019.09.30"]
[SourceVersion "1"]
[SourceVersionDate "2019.09.30"]
[SourceQuality "1"]
[WhiteTeam "United States"]
[BlackTeam "Brazil"]
[WhiteTeamCountry "USA"]
[BlackTeamCountry "BRA"]

1. d4 Nf6 2. c4 e6 3. Nf3 b6 4. g3 Ba6 5. b3 Bb4+ 6. Bd2 Be7 7. Nc3 0-0 8. Rc1 d5 9. cxd5 exd5 10. Bg2 Re8 11. Ne5 Bb7 12. 0-0 Nbd7 13. Rc2 Nf8 14. Be3 Ne6 15. f4 c6 16. f5 Nc7 17. Bf4 Rc8 18. Bf3 c5 19. e3 h6 20. Re1 Bd6 21. Qd2 Qe7 22. Rec1 Rcd8 23. Qf2 Ne4 24. Qf1 Ng5 25. Bh5 Rf8 26. Ng4 Ne8 27. Bxd6 Qxd6 28. Qe2 Qe7 29. Rf1 Rc8 30. h4 Nh7 31. Ne5 Nhf6 32. Bf3 Nd6 33. Bg2 Rc7 34. Qf3 cxd4 35. exd4 Rfc8 36. Qd3 Nde4 37. Rfc1 Qb4 38. Ne2 Rxc2 39. Rxc2 Rxc2 40. Qxc2 Nxg3 41. Nf3 Nxe2+ 42. Qxe2 Qc3 43. Qe1 Qc7 44. Qf2 Bc8 0-1

[Event "IECC CL2-2014.03 email"]
[Site "IECC email"]
[Date "2014.07.18"]
[Round "?"]
[White "Futida, Souitiro"]
[Black "Verenzuela, Jesus"]
[Result "1/2-1/2"]
[WhiteElo "1987"]
[BlackElo "2116"]
[PlyCount "131"]
[EventDate "2014.??.??"]
[EventType "tourn (corr)"]
[EventRounds "4"]
[SourceTitle "Corr 2020"]
[Source "ChessBase"]
[SourceDate "2019.09.30"]
[SourceVersion "1"]
[SourceVersionDate "2019.09.30"]
[SourceQuality "1"]
[WhiteTeam "Brazil"]
[BlackTeam "Venezuela"]
[WhiteTeamCountry "BRA"]
[BlackTeamCountry "VEN"]

1. d4 Nf6 2. c4 e6 3. Nf3 Bb4+ 4. Bd2 a5 5. g3 d5 6. Qc2 0-0 7. Bg2 c5 8. cxd5 cxd4 9. Nxd4 Qb6 10. Bxb4 axb4 11. Nb3 exd5 12. 0-0 Be6 13. N1d2 Rc8 14. Qb1 Nc6 15. Nf3 g6 16. e3 Bf5 17. Qd1 Ra7 18. Nfd4 Bg4 19. Qb1 Bd7 20. Rd1 Kg7 21. h3 h5 22. Kh2 Qd8 23. Nb5 Raa8 24. Rd2 Ne5 25. N5d4 Qe7 26. Kg1 b6 27. Re2 Ra7 28. Rc2 Rca8 29. Rc1 Re8 30. Nd2 Ra5 31. Rc7 Rea8 32. Rc2 Ba4 33. Rc1 Bd7 34. Re1 Qd6 35. N2b3 R5a7 36. Nc1 h4 37. g4 Bxg4 38. hxg4 Nexg4 39. f4 Re7 40. Qd3 Rae8 41. Nc2 Rc8 42. Nb3 Rxc2 43. Qxc2 Nxe3 44. Qd2 Qxf4 45. Rf1 Qg4 46. Rf3 d4 47. Kh1 Rd7 48. Rxe3 dxe3 49. Qxe3 Nh5 50. Rg1 Qf4 51. Qxf4 Nxf4 52. Bc6 Rd6 53. Rg4 Nd3 54. Rd4 Rxd4 55. Nxd4 g5 56. Kg2 Kf6 57. Bb5 Nxb2 58. Kf3 Ke5 59. Nc6+ Kd6 60. Nxb4 Kc5 61. Nd3+ Kxb5 62. Nxb2 Kc5 63. Kg4 Kb4 64. Nd3+ Ka3 65. Ne5 Kxa2 66. Nxf7 1/2-1/2

[Event "IECC 2014-1.12"]
[Site "IECC email"]
[Date "2014.01.05"]
[Round "?"]
[White "Futida, Souitiro"]
[Black "Geib, Steven"]
[Result "1-0"]
[WhiteElo "2017"]
[BlackElo "1518"]
[PlyCount "59"]
[EventDate "2014.??.??"]
[EventType "tourn (corr)"]
[SourceTitle "Corr 2020"]
[Source "ChessBase"]
[SourceDate "2019.09.30"]
[SourceVersion "1"]
[SourceVersionDate "2019.09.30"]
[SourceQuality "1"]
[WhiteTeam "Brazil"]
[BlackTeam "United States"]
[WhiteTeamCountry "BRA"]
[BlackTeamCountry "USA"]

1. d4 d5 2. c4 e6 3. Nc3 Nf6 4. Nf3 Bb4 5. Bg5 0-0 6. e3 h6 7. Bh4 Nc6 8. Rc1 g5 9. Bg3 Ne4 10. Nd2 Nxc3 11. bxc3 Ba5 12. h4 e5 13. Qh5 exd4 14. Qxh6 g4 15. Bd3 f5 16. cxd5 dxc3 17. Qg6+ Kh8 18. Ne4 fxe4 19. Bxe4 Qd7 20. 0-0 Qf7 21. Qh6+ Kg8 22. dxc6 Bf5 23. Be5 Qh7 24. Bd5+ Rf7 25. Bxf7+ Kxf7 26. Qf6+ Ke8 27. Bxc3 Bxc3 28. Rxc3 b6 29. Rd1 Qg6 30. Qh8+ 1-0

[Event "IECC 2014-1.12"]
[Site "IECC email"]
[Date "2014.01.05"]
[Round "?"]
[White "Futida, Souitiro"]
[Black "Verenzuela, Jesus"]
[Result "0-1"]
[WhiteElo "2030"]
[BlackElo "2086"]
[PlyCount "166"]
[EventDate "2014.??.??"]
[EventType "tourn (corr)"]
[SourceTitle "Corr 2020"]
[Source "ChessBase"]
[SourceDate "2019.09.30"]
[SourceVersion "1"]
[SourceVersionDate "2019.09.30"]
[SourceQuality "1"]
[WhiteTeam "Brazil"]
[BlackTeam "Venezuela"]
[WhiteTeamCountry "BRA"]
[BlackTeamCountry "VEN"]

1. d4 Nf6 2. c4 d6 3. Nc3 g6 4. e4 Bg7 5. f3 0-0 6. Be3 Nc6 7. Nge2 a6 8. Qd2 Na5 9. Nc1 b6 10. b4 Nb7 11. Be2 Nd7 12. 0-0 a5 13. b5 e5 14. dxe5 Nxe5 15. f4 Nd7 16. Nd3 Nbc5 17. Nxc5 Nxc5 18. Bd4 Bxd4+ 19. Qxd4 Bb7 20. Nd5 Bxd5 21. cxd5 Qe7 22. Bf3 Rae8 23. Rae1 Qd7 24. Qc4 f6 25. Bd1 Kg7 26. Bc2 Rf7 27. Rf3 Rfe7 28. Rfe3 Qg4 29. Rf1 Qd7 30. a4 Rf8 31. Qd4 Kg8 32. h4 Rg7 33. g3 Qe8 34. Rf2 Re7 35. Rh2 Qf7 36. Re1 Rfe8 37. Rhe2 Qg7 38. g4 Qh6 39. Qf2 Rf7 40. Qh2 Ref8 41. Rf1 Re8 42. g5 Qg7 43. Qf2 Rfe7 44. Rfe1 fxg5 45. hxg5 Qc3 46. Qe3 Qc4 47. Kg2 Nxa4 48. Qd3 Qxd3 49. Bxd3 Nc5 50. Bb1 Rf8 51. Rf2 a4 52. Kf3 Ref7 53. Ke3 Ra8 54. Ra2 Ra5 55. Rb2 Re7 56. Bc2 a3 57. Ra2 Rxb5 58. Kf3 Rb4 59. Rxa3 Rc4 60. Re2 Rf7 61. Rh2 Rf8 62. Re3 b5 63. Bd3 Rb4 64. Ra2 Kg7 65. Ra7 Rf7 66. Ra2 h5 67. gxh6+ Kxh6 68. Rh2+ Kg7 69. Rg2 Nd7 70. Bc2 Kf8 71. Rb3 Rxb3+ 72. Bxb3 Rh7 73. Rxg6 Rh3+ 74. Rg3 Rxg3+ 75. Kxg3 Nc5 76. Bd1 Nxe4+ 77. Kf3 Nf6 78. Bb3 Kg7 79. Ke3 Kg6 80. Kf3 Kh5 81. Ba2 Kh4 82. Bb3 b4 83. Ba2 Nd7 0-1

[Event "IECC CL2-2013.06 email"]
[Site "IECC email"]
[Date "2013.12.24"]
[Round "?"]
[White "Anil, Ali Fazil"]
[Black "Futida, Souitiro"]
[Result "0-1"]
[WhiteElo "1885"]
[BlackElo "2013"]
[PlyCount "34"]
[EventDate "2013.??.??"]
[EventType "tourn (corr)"]
[EventRounds "4"]
[SourceTitle "Corr 2020"]
[Source "ChessBase"]
[SourceDate "2019.09.30"]
[SourceVersion "1"]
[SourceVersionDate "2019.09.30"]
[SourceQuality "1"]
[WhiteTeam "Turkey"]
[BlackTeam "Brazil"]
[WhiteTeamCountry "TUR"]
[BlackTeamCountry "BRA"]

1. d4 Nf6 2. Bg5 e6 3. Nf3 h6 4. Bh4 b6 5. e3 Bb7 6. Bd3 g5 7. Bg3 g4 8. Ne5 h5 9. 0-0 d6 10. Nc4 h4 11. Bf4 Rg8 12. Nc3 Nh5 13. Nd2 Nd7 14. Re1 Nxf4 15. exf4 Qf6 16. Ne2 0-0-0 17. a4 Bh6 0-1

[Event "IECC CL2-2013.06 email"]
[Site "IECC email"]
[Date "2013.12.24"]
[Round "?"]
[White "Futida, Souitiro"]
[Black "Agulnick, Michael"]
[Result "1-0"]
[WhiteElo "2022"]
[BlackElo "2013"]
[PlyCount "107"]
[EventDate "2013.??.??"]
[EventType "tourn (corr)"]
[EventRounds "4"]
[SourceTitle "Corr 2020"]
[Source "ChessBase"]
[SourceDate "2019.09.30"]
[SourceVersion "1"]
[SourceVersionDate "2019.09.30"]
[SourceQuality "1"]
[WhiteTeam "Brazil"]
[BlackTeam "United States"]
[WhiteTeamCountry "BRA"]
[BlackTeamCountry "USA"]

1. d4 Nf6 2. c4 e6 3. Nf3 b6 4. a3 Bb7 5. Nc3 Be7 6. d5 0-0 7. e4 d6 8. Be2 Nbd7 9. 0-0 e5 10. Be3 Ng4 11. Bd2 Re8 12. Rc1 a5 13. Re1 Nc5 14. b4 Nd7 15. Qc2 h6 16. Nd1 axb4 17. axb4 c5 18. dxc6 Bxc6 19. Nc3 Bh4 20. Rf1 Be7 21. h3 Ngf6 22. Rfd1 Qc7 23. Be3 Rec8 24. Bd3 Qd8 25. Qe2 Ra7 26. Nh4 Rca8 27. Nf5 Bf8 28. Qd2 Ne8 29. f3 Ra3 30. Bf1 Kh7 31. Bf2 g6 32. Ne3 Be7 33. Qb2 Qc8 34. Ned5 Bd8 35. Qd2 Qb8 36. Be3 h5 37. Bf2 Ng7 38. Ne3 Be7 39. c5 bxc5 40. b5 Bb7 41. Nc4 Ne6 42. Nxd6 Nb6 43. Nxf7 Kg7 44. Qh6+ Kxf7 45. Qh7+ Kf8 46. Qxg6 Bc8 47. Be3 Bd6 48. Rxd6 Qxd6 49. Rd1 Qe7 50. Bh6+ Ng7 51. Bxg7+ Qxg7 52. Rd8+ Ke7 53. Re8+ Kd7 54. Qc6# 1-0

[Event "IECC CL2-2013.02 email"]
[Site "IECC email"]
[Date "2013.05.21"]
[Round "?"]
[White "Fegan, Chris"]
[Black "Futida, Souitiro"]
[Result "0-1"]
[WhiteElo "2069"]
[BlackElo "1977"]
[PlyCount "42"]
[EventDate "2013.??.??"]
[EventType "tourn (corr)"]
[EventRounds "4"]
[SourceTitle "Telechess CBM 165"]
[Source "ChessBase"]
[SourceDate "2015.03.11"]
[SourceVersion "1"]
[SourceVersionDate "2015.03.11"]
[SourceQuality "1"]
[WhiteTeam "England"]
[BlackTeam "Brazil"]
[WhiteTeamCountry "ENG"]
[BlackTeamCountry "BRA"]

1. e4 c5 2. Nf3 e6 3. c3 d5 4. e5 Nc6 5. d4 Qb6 6. a3 cxd4 7. cxd4 Nge7 8. Bd3 Bd7 9. Bc2 g5 10. Nc3 g4 11. Na4 Qc7 12. Ng5 Nxd4 13. Qxd4 Qxc2 14. Qf4 Nf5 15. Nc3 h6 16. Nxf7 Kxf7 17. Qxg4 h5 18. Qf3 Bc6 19. 0-0 d4 20. Qe2 Rg8 21. g3 Qxe2 0-1

[Event "IECC CL3-2012.05 email"]
[Site "IECC email"]
[Date "2012.09.23"]
[Round "?"]
[White "Futida, Souitiro"]
[Black "Bascetta, Biagio J"]
[Result "1-0"]
[WhiteElo "1982"]
[BlackElo "1814"]
[PlyCount "81"]
[EventDate "2012.??.??"]
[EventType "tourn (corr)"]
[EventRounds "4"]
[SourceTitle "Telechess CBM 165"]
[Source "ChessBase"]
[SourceDate "2015.03.11"]
[SourceVersion "1"]
[SourceVersionDate "2015.03.11"]
[SourceQuality "1"]
[WhiteTeam "Brazil"]
[BlackTeam "Italy"]
[WhiteTeamCountry "BRA"]
[BlackTeamCountry "ITA"]

1. d4 Nf6 2. c4 e6 3. Nf3 b6 4. a3 Bb7 5. Nc3 d5 6. cxd5 exd5 7. g3 Be7 8. Bg2 0-0 9. 0-0 c5 10. Qc2 Nbd7 11. Rd1 Rc8 12. dxc5 Nxc5 13. Ng5 g6 14. h4 Ne6 15. e4 d4 16. Nxe6 fxe6 17. Qb3 Qe8 18. Qxe6+ Qf7 19. Qxf7+ Rxf7 20. Rxd4 Bc5 21. Rd2 Ng4 22. Nd1 a5 23. Re2 Ba6 24. Rc2 Bd3 25. Rc3 Rxf2 26. Nxf2 Bxf2+ 27. Kh1 Rxc3 28. bxc3 Bxg3 29. Bf3 Ne5 30. Kg2 Bxh4 31. Bf4 Nxf3 32. Kxf3 a4 33. Bc7 b5 34. Rd1 Bc4 35. Bd8 g5 36. e5 Be6 37. Ke4 h6 38. Rf1 Bb3 39. Be7 Kh7 40. Rf8 Be1 41. Bb4 1-0

[Event "IECC CL2-2011.06 email"]
[Site "IECC email"]
[Date "2012.01.19"]
[Round "?"]
[White "Futida, Souitiro"]
[Black "Kasznia, Ireneusz"]
[Result "1/2-1/2"]
[WhiteElo "2008"]
[BlackElo "1953"]
[PlyCount "137"]
[EventDate "2011.??.??"]
[EventType "tourn (corr)"]
[EventRounds "4"]
[SourceTitle "Telechess CBM 165"]
[Source "ChessBase"]
[SourceDate "2015.03.11"]
[SourceVersion "1"]
[SourceVersionDate "2015.03.11"]
[SourceQuality "1"]
[WhiteTeam "Brazil"]
[BlackTeam "Poland"]
[WhiteTeamCountry "BRA"]
[BlackTeamCountry "POL"]

1. d4 Nf6 2. c4 e6 3. Nf3 d5 4. Nc3 Be7 5. Bg5 0-0 6. e3 h6 7. Bh4 b6 8. Bd3 Bb7 9. 0-0 dxc4 10. Bxc4 Nbd7 11. Qe2 a6 12. Rfd1 b5 13. Bd3 Rc8 14. Bc2 c5 15. dxc5 Qc7 16. b4 Nxc5 17. Bg3 Qc6 18. bxc5 Qxc5 19. Rac1 Qxc3 20. Bh7+ Kxh7 21. Rxc3 Rxc3 22. Be5 Rcc8 23. h3 Be4 24. Ne1 Rfd8 25. Rxd8 Rxd8 26. f3 Bg6 27. e4 Nd7 28. Nd3 Nxe5 29. Nxe5 Bg5 30. Nxg6 fxg6 31. Qe1 e5 32. g3 Bd2 33. Qa1 Rd4 34. h4 b4 35. Qb1 Bc3 36. f4 exf4 37. gxf4 h5 38. Kf1 a5 39. Qc2 Rd2 40. Qa4 Rh2 41. f5 Rxh4 42. fxg6+ Kh6 43. Qe8 Rf4+ 44. Ke2 h4 45. Qe6 Bf6 46. Ke3 Bg5 47. Kd4 Kh5 48. Kd3 Rf3+ 49. Ke2 Rc3 50. Qg8 Rc7 51. Qf8 Bf6 52. Kf3 Re7 53. Qc8 Re5 54. Qd7 Rg5 55. Qe8 Rc5 56. Qd7 Kxg6 57. Kg2 Re5 58. Qd6 Kh6 59. Qd2+ Kh7 60. Qc2 Rg5+ 61. Kh2 Kh6 62. Qd2 Kh5 63. Qd1+ Kg6 64. Qc2 Re5 65. Kh3 Kh6 66. Qc1+ Kh7 67. Qc2 Kg6 68. Kg2 Kh6 69. Qd2+ 1/2-1/2

[Event "IECC CL2-2011.03 email"]
[Site "IECC email"]
[Date "2011.07.21"]
[Round "?"]
[White "Futida, Souitiro"]
[Black "Agulnick, Michael"]
[Result "0-1"]
[WhiteElo "2145"]
[BlackElo "2084"]
[PlyCount "88"]
[EventDate "2011.??.??"]
[EventType "tourn (corr)"]
[EventRounds "4"]
[SourceTitle "Telechess CBM 145"]
[Source "Chessbase"]
[SourceDate "2011.11.11"]
[SourceVersion "1"]
[SourceVersionDate "2011.11.11"]
[SourceQuality "1"]
[WhiteTeam "Brazil"]
[BlackTeam "US of America"]
[WhiteTeamCountry "BRA"]
[BlackTeamCountry "USA"]

1. c4 Nf6 2. Nc3 e6 3. Nf3 Bb4 4. Qc2 0-0 5. a3 Bxc3 6. Qxc3 b6 7. e3 Bb7 8. Be2 d6 9. 0-0 Ne4 10. Qc2 f5 11. Nd4 Qe7 12. d3 Nf6 13. b4 Nbd7 14. Bb2 c5 15. Nb3 Ng4 16. h3 Nge5 17. f4 Ng6 18. Bh5 e5 19. Qf2 Nh4 20. g3 Nf6 21. Rad1 Nxh5 22. gxh4 Rf6 23. Kh2 Rg6 24. Rg1 exf4 25. exf4 Rxg1 26. Rxg1 Re8 27. Nc1 Qe3 28. Qxe3 Rxe3 29. Rf1 a6 30. Ba1 Kf7 31. Bb2 Bc6 32. Ba1 Ba4 33. Bb2 Bc2 34. d4 Bb3 35. dxc5 bxc5 36. Nxb3 Rxb3 37. Bc1 cxb4 38. axb4 Rxb4 39. Ba3 Rxc4 40. Bxd6 a5 41. Rf3 a4 42. Be5 Ke6 43. Kg2 Rb4 44. Kf2 Rb3 0-1

[Event "IECC CL2-2011.02 email"]
[Site "IECC email"]
[Date "2011.06.17"]
[Round "?"]
[White "Holanda, Dogeval Ferreira"]
[Black "Futida, Souitiro"]
[Result "1/2-1/2"]
[WhiteElo "2029"]
[BlackElo "2155"]
[PlyCount "103"]
[EventDate "2011.??.??"]
[EventType "tourn (corr)"]
[EventRounds "4"]
[SourceTitle "Telechess CBM 145"]
[Source "Chessbase"]
[SourceDate "2011.11.11"]
[SourceVersion "1"]
[SourceVersionDate "2011.11.11"]
[SourceQuality "1"]
[WhiteTeam "Brazil"]
[BlackTeam "Brazil"]
[WhiteTeamCountry "BRA"]
[BlackTeamCountry "BRA"]

1. e4 c5 2. Nf3 Nc6 3. d4 cxd4 4. Nxd4 Nf6 5. Nc3 d6 6. Bc4 e6 7. Be3 Be7 8. Qe2 0-0 9. 0-0-0 a6 10. Bb3 Qc7 11. h4 b5 12. Nxc6 Qxc6 13. f3 Bd7 14. h5 a5 15. a4 bxa4 16. Bxa4 Qb7 17. Bxd7 Nxd7 18. Qb5 Qc7 19. Qa4 Rfb8 20. Nb5 Qc6 21. c4 h6 22. Kb1 Nc5 23. Bxc5 Qxc5 24. g4 Bf6 25. Rd3 Ra6 26. Rhd1 Be5 27. R3d2 Kh7 28. Re1 Rc8 29. Rc2 Qb6 30. Rf1 Qe3 31. Qa3 Qg5 32. Qd3 Kg8 33. Nd4 Qf6 34. Rd2 Bf4 35. Rc2 Rb6 36. Nb5 a4 37. Rd1 Ra6 38. Qa3 Be5 39. Rd3 Qf4 40. Qb4 Rb8 41. Qd2 Qf6 42. Qe3 Bf4 43. Qd4 Qe7 44. Ra3 Qb7 45. Ka2 Ra5 46. Kb1 Qa6 47. Nc7 Qc6 48. Nb5 Rb7 49. Ra1 Ra8 50. Ra2 Rbb8 51. Ra3 f6 52. Na7 1/2-1/2

[Event "IECC CL2-2011.02 email"]
[Site "IECC email"]
[Date "2011.06.02"]
[Round "?"]
[White "Futida, Souitiro"]
[Black "Canizares Cuadra, Pedro"]
[Result "1/2-1/2"]
[WhiteElo "2173"]
[BlackElo "2109"]
[PlyCount "40"]
[EventDate "2011.??.??"]
[EventType "tourn (corr)"]
[EventRounds "4"]
[SourceTitle "Telechess CBM 145"]
[Source "Chessbase"]
[SourceDate "2011.11.11"]
[SourceVersion "1"]
[SourceVersionDate "2011.11.11"]
[SourceQuality "1"]
[WhiteTeam "Brazil"]
[BlackTeam "Spain"]
[WhiteTeamCountry "BRA"]
[BlackTeamCountry "ESP"]

1. d4 Nf6 2. c4 e6 3. Nf3 d5 4. Bg5 Be7 5. Nc3 0-0 6. e3 h6 7. Bh4 b6 8. Be2 Bb7 9. Bxf6 Bxf6 10. cxd5 exd5 11. 0-0 Nd7 12. b4 c5 13. bxc5 bxc5 14. Rb1 Bc6 15. Bb5 Qc7 16. Qc2 Rab8 17. a4 Qd6 18. Ne2 Rfc8 19. Qf5 Bxb5 20. axb5 g6 1/2-1/2

[Event "IECC CL2-2011.02 email"]
[Site "IECC email"]
[Date "2011.06.02"]
[Round "?"]
[White "Futida, Souitiro"]
[Black "Ducci, Roberto"]
[Result "0-1"]
[WhiteElo "2124"]
[BlackElo "2164"]
[PlyCount "110"]
[EventDate "2011.??.??"]
[EventType "tourn (corr)"]
[EventRounds "4"]
[SourceTitle "Telechess CBM 149"]
[Source "ChessBase"]
[SourceDate "2012.07.17"]
[SourceVersion "1"]
[SourceVersionDate "2012.07.17"]
[SourceQuality "1"]
[WhiteTeam "Brazil"]
[BlackTeam "Italy"]
[WhiteTeamCountry "BRA"]
[BlackTeamCountry "ITA"]

1. Nf3 Nf6 2. d4 g6 3. c4 Bg7 4. Nc3 0-0 5. e4 d6 6. Be2 e5 7. 0-0 Nc6 8. d5 Ne7 9. Nd2 a5 10. a3 Nd7 11. Rb1 f5 12. b4 Kh8 13. f3 Ng8 14. Qc2 Ngf6 15. Bd3 f4 16. Nb5 b6 17. Bb2 Ne8 18. Nb3 a4 19. Nc1 g5 20. Ne2 g4 21. g3 Qg5 22. Kh1 fxg3 23. Nxg3 Rxf3 24. Rxf3 gxf3 25. Rf1 Ndf6 26. Rxf3 Bg4 27. Rf1 Qe3 28. Kg2 Qh6 29. Bc1 Qh4 30. Kh1 Bh6 31. Bxh6 Qxh6 32. Qf2 Bh3 33. Nf5 Qg5 34. Rd1 Ng4 35. Qf3 Qf4 36. Qxf4 exf4 37. Kg1 Nef6 38. Bf1 Rg8 39. Bxh3 Ne3+ 40. Kf2 Nxd1+ 41. Kf3 Nxe4 42. Kxe4 Nf2+ 43. Kxf4 Nxh3+ 44. Ke3 Re8+ 45. Kd2 Re5 46. Nfd4 Re4 47. Kc3 Nf4 48. Nxc7 Re3+ 49. Kb2 Nd3+ 50. Kc2 Ne5 51. Nf5 Rxa3 52. Nxd6 Nd3 53. Na6 Rb3 54. Nb5 Ne1+ 55. Kd1 a3 0-1